Rozhodovanie manažérov v podnikovej praxi

Rozhodovanie v podmienkach organizácie. Racionálny prístup k rozhodovaniu. Identifikácia a riešenie problému. Vytvorenie akceptovateľných alternatív. Rozhodovanie v situácii neistoty a rizika. Behaviorálny prístup k rozhodovaniu. Model administratívneho rozhodovania. Prístup D. Kahnemana a A. Tvers...

Descrizione completa

Salvato in:
Dettagli Bibliografici
Autore principale: Mesárošová, Margita
Altri autori: Mesároš, František
Natura: Capitolo di libro
Lingua:slovacco
Soggetti:
Tags: Aggiungi Tag
Nessun Tag, puoi essere il primo ad aggiungerne!!

MARC

LEADER 00000naa$a2200000$$$4500
001 0049839
005 20230908105351.8
041 0 |a slo 
044 |a SK 
245 1 0 |a Rozhodovanie manažérov v podnikovej praxi  |c Margita Mesárošová, František Mesároš 
520 |a Rozhodovanie v podmienkach organizácie. Racionálny prístup k rozhodovaniu. Identifikácia a riešenie problému. Vytvorenie akceptovateľných alternatív. Rozhodovanie v situácii neistoty a rizika. Behaviorálny prístup k rozhodovaniu. Model administratívneho rozhodovania. Prístup D. Kahnemana a A. Tverského k podstate rozhodovania v podmienkach neistoty. Psychologické faktory vplývajúce na rozhodovanie. Optimizmus a zdôrazňovanie pozitívneho. Tendencia status quo. Konflikty v rozhodovaní. 
610 2 0 |a rozhodovanie manažérske 
610 2 0 |a manažéri 
610 2 0 |a informácie 
610 2 0 |a komunikácia 
610 2 0 |a psychológia 
610 2 0 |a konflikty 
100 1 |a Mesárošová, Margita 
700 1 |a Mesároš, František